Hindi kahaniyan aur Fashion (Record no. 80617)
[ view plain ]
| 000 -LEADER | |
|---|---|
| fixed length control field | 00584nam a2200205Ia 4500 |
| 003 - CONTROL NUMBER IDENTIFIER | |
| control field | OSt |
| 005 - DATE AND TIME OF LATEST TRANSACTION | |
| control field | 20260331154645.0 |
| 008 - FIXED-LENGTH DATA ELEMENTS--GENERAL INFORMATION | |
| fixed length control field | 210210b1964 xxu||||| |||| 00| 0 eng d |
| 040 ## - CATALOGING SOURCE | |
| Transcribing agency | AL |
| 041 ## - LANGUAGE CODE | |
| Language code of text/sound track or separate title | hin |
| 082 ## - DEWEY DECIMAL CLASSIFICATION NUMBER | |
| Classification number | H891.9 UPEH |
| 100 ## - MAIN ENTRY--PERSONAL NAME | |
| Personal name | UPENDRANATH: |
| Dates associated with a name | उपेन्द्रनाथ |
| 9 (RLIN) | 196814 |
| 245 ## - TITLE STATEMENT | |
| Title | Hindi kahaniyan aur Fashion |
| Remainder of title | हिंदी कहानियां और फैशन |
| 260 ## - PUBLICATION, DISTRIBUTION, ETC. | |
| Place of publication, distribution, etc. | Ilahabad |
| Name of publisher, distributor, etc. | Nilab Prakashan |
| Date of publication, distribution, etc. | 1964 |
| 300 ## - PHYSICAL DESCRIPTION | |
| Extent | 129 |
| 650 ## - SUBJECT ADDED ENTRY--TOPICAL TERM | |
| Topical term or geographic name entry element | Hindi |
| 9 (RLIN) | 196815 |
| 690 ## - LOCAL SUBJECT ADDED ENTRY--TOPICAL TERM (OCLC, RLIN) | |
| Topical term or geographic name as entry element | Hindi Criticism |
| 9 (RLIN) | 196818 |
| 906 ## - LOCAL DATA ELEMENT F, LDF (RLIN) | |
| a | 029396 |
| 942 ## - ADDED ENTRY ELEMENTS (KOHA) | |
| Source of classification or shelving scheme | Dewey Decimal Classification |
| Koha item type | Book |
| Withdrawn status | Lost status | Source of classification or shelving scheme | Damaged status | Not for loan | Collection code | Home library | Current library | Date acquired | Cost, normal purchase price | Total Checkouts | Full call number | Barcode | Date last seen | Price effective from | Koha item type |
|---|---|---|---|---|---|---|---|---|---|---|---|---|---|---|---|
| Dewey Decimal Classification | Hindi | St Aloysius Library | St Aloysius Library | 02/17/2021 | 0.00 | H891.9 UPEH | 029396 | 02/17/2021 | 02/17/2021 | Book |